Taylor Swift - Compléter ses phrases iconiques #1 - Statistiques

Statistiques générales
  • Ce quiz a été pris 218 fois
  • Le résultat moyen est 6 sur 20
Statistiques - réponses
Hint Réponse % Correct
JE SUIS _ _ _ _ _ CALME
90%
Hey kids spelling is _ _ _ fun
85%
I'm not asleep, my mind is _ _ _ _ _ alive
83%
You can’t spell cats without _ _ TS
75%
I like writing songs about duchbags who cheated on me but i not gonna said that in my _ _ _ _ _ _ _ _ _ monologue
64%
GET OUT OF MY _ _ _ _ _ HOUSE
46%
RIP me, I _ _ _ _ _ _ _ Die Dead
38%
LOOK AT IT! YES _ _ _ _ _ WHALE
36%
Are you allergic to _ _ _ _ _ _ _ _ _ _ _ awesomeness?
30%
No Not the _ _ _ _ _ Steak
29%
Where’s the princess of _ _ _ _ _ - _ _ _ _ Kitty town
19%
Sorry, was I loud? In my _ _ _ - _ _ _ _ _ - _ _ _ _ - _ - _ _ _ _ _ _ - _ _ _ _ - _ _ _ - _ _ _ _ _ - _ _ _ _ - _ - _ _ _ _ _ - _ _ _ _ _ - _ _ - _ _ _ - _ _ _ _ own house that I bought with the songs that I wrote about my own life
16%
They are cats they don’t have _ _ _ _ _ _ _ opinion
11%
Thank you for _ _ _ _ _ _ - _ _ _ _ Saying that
9%
Hey guys it _ _ _ _ _ __ Dibbles
8%
This one even comes with a phone, so he can _ _ _ _ _ - _ _ - _ _ _ _ - _ _ _ _ _ - _ _ _ _ _ Break up with other dolls
7%
I was in my van and this _ _ _ _ - _ _ _ _ Dang Dear
3%
You _ _ _ _ guys
1%
So he calls me up and he's like _ _ - _'_ _ _ _, _ _ - _'_ _ _ _ - _ _ _ _ _ _ _ _ _, _ _ - _ _ - _ _ _ _ - _ _ _ Je t'aime, je t'aime beaucoup, je ne sais pas
0%
I find It funny thinking about if I were to have a party for all the songwriters on that song. Yeah because _ _ _ _ _ _ _ _ _ _ _ _ _ _ _ Yeah Because It Would Just Be Me
0%
Aucun quiz correspondant
Distribution des résultats
% des personnes avec chaque résultat
Percentile par nombre de réponses
Votre historique - résultats
Vous n’avez pas pris ce quiz